[Event "Macieja Memorial"]
[Site "Warsaw POL"]
[Date "2024.07.08"]
[Round "10.13"]
[White "Kokoszczynski, Jan"]
[Black "Socko, Monika"]
[Result "1-0"]
[WhiteElo "2243"]
[BlackElo "2288"]
[EventDate "2024.07.08"]
[PlyCount "45"]

1.d4 e6 2.Nf3 Nf6 3.Bf4 c5 4.c3 Nc6 5.e3 b6 6.Bd3 Bb7 7.Nbd2 Be7 8.O-O Nh5 
9.Bg3 Nxg3 10.hxg3 O-O 11.Re1 d5 12.Qe2 f5 13.dxc5 bxc5 14.Rad1 e5 15.e4 dxe4 
16.Nxe4 Kh8 17.Bc4 Qe8 18.Nd6 Bxd6 19.Rxd6 e4 20.Ng5 Ne5 21.Re6 Qd8 22.Qh5 h6 
23.Rxh6+ 1-0

[Event "Macieja Memorial"]
[Site "Warsaw POL"]
[Date "2024.07.08"]
[Round "10.14"]
[White "Sliwicki, Damian"]
[Black "Krasenkow, Michal"]
[Result "1/2-1/2"]
[WhiteElo "2058"]
[BlackElo "2376"]
[EventDate "2024.07.08"]
[PlyCount "109"]

1.e4 g6 2.d4 Bg7 3.Nc3 c6 4.Be3 d5 5.Qd2 dxe4 6.Nxe4 Nd7 7.Nf3 Ngf6 8.Nxf6+ 
Nxf6 9.Bh6 O-O 10.Bxg7 Kxg7 11.Bd3 Bg4 12.c3 Bxf3 13.gxf3 Qd6 14.h4 Nd5 15.h5 
Qf4 16.Qe2 e5 17.hxg6 hxg6 18.Qxe5+ Qxe5+ 19.dxe5 Rfe8 20.O-O-O Rxe5 21.Be4 
Rae8 22.Rh4 Rh8 23.Rxh8 Kxh8 24.c4 Nf6 25.Rd8+ Kg7 26.Bd3 Re7 27.Kd2 Nh5 28.Be4 
f5 29.Bd3 Nf4 30.Bf1 Kf6 31.b4 Ke6 32.Rg8 Rd7+ 33.Ke3 Ke5 34.Re8+ Ne6 35.f4+ 
Kf6 36.b5 Rd4 37.Ra8 Re4+ 38.Kd2 cxb5 39.cxb5 Ra4 40.Kc3 Rxa2 41.Bc4 Rxf2 
42.Rxa7 Nc5 43.Kd4 Ne6+ 44.Bxe6 Kxe6 45.Ke3 Rb2 46.Rxb7 Rb4 47.Rb6+ Kd5 48.Rb8 
Kc5 49.Rg8 Rxb5 50.Rxg6 Rb3+ 51.Kf2 Kd5 52.Rg3 Rxg3 53.Kxg3 Ke4 54.Kg2 Kxf4 
55.Kf2 1/2-1/2

[Event "Macieja Memorial"]
[Site "Warsaw POL"]
[Date "2024.07.08"]
[Round "10.15"]
[White "Kacprzak, Kacper"]
[Black "Alvarado, Carlos"]
[Result "1-0"]
[WhiteElo "2297"]
[BlackElo "2040"]
[EventDate "2024.07.08"]
[PlyCount "97"]

1.e4 c6 2.d4 d5 3.e5 Bf5 4.h4 h6 5.g4 Be4 6.f3 Bh7 7.e6 Qd6 8.exf7+ Kxf7 9.f4 
Nf6 10.Nc3 Nbd7 11.Nf3 Ne4 12.Ne5+ Nxe5 13.fxe5 Qb4 14.Rh3 e6 15.a3 Qa5 16.Bd3 
Bb4 17.Bd2 Bxc3 18.bxc3 Raf8 19.c4 Nxd2 20.Qxd2 Qxd2+ 21.Kxd2 Bxd3 22.cxd3 Ke7 
23.Rb1 b6 24.Ke3 Kd7 25.a4 Rf7 26.Rf3 Rhf8 27.Rxf7+ Rxf7 28.a5 Kc7 29.axb6+ 
axb6 30.Ra1 Kb7 31.h5 Rf8 32.Ra2 Rf7 33.Ra1 Rf8 34.Rg1 b5 35.g5 bxc4 36.dxc4 
dxc4 37.gxh6 gxh6 38.Rg6 Re8 39.Rxh6 Kb6 40.Rg6 Kb5 41.Rg1 Rh8 42.Rb1+ Ka4 
43.Kd2 Rxh5 44.Kc3 c5 45.Kxc4 Ka3 46.Kxc5 Rh6 47.Rb6 Ka4 48.d5 Rh5 49.Rxe6 1-0

[Event "Macieja Memorial"]
[Site "Warsaw POL"]
[Date "2024.07.08"]
[Round "10.16"]
[White "Sriram, Jha"]
[Black "Fiszer, Bartosz"]
[Result "1-0"]
[WhiteElo "2191"]
[BlackElo "2080"]
[EventDate "2024.07.08"]
[PlyCount "101"]

1.d4 Nf6 2.Nf3 g6 3.g3 Bg7 4.Bg2 O-O 5.c4 d6 6.O-O Nc6 7.Nc3 Bg4 8.d5 Na5 9.Nd2 
c5 10.h3 Bd7 11.e4 a6 12.Rb1 b5 13.b3 Rb8 14.Qc2 Qc7 15.Bb2 bxc4 16.bxc4 Rb7 
17.Ba1 Rfb8 18.Rxb7 Rxb7 19.Rb1 Qb8 20.Rxb7 Qxb7 21.Qb2 Qb4 22.a3 Qxb2 23.Bxb2 
Ne8 24.Nd1 Ba4 25.Bxg7 Kxg7 26.Nb2 Bd7 27.f4 Nc7 28.Kf2 Na8 29.Ke3 Nb6 30.Kd3 
Na4 31.Nxa4 Bxa4 32.Kc3 h6 33.e5 Nb7 34.Be4 g5 35.Bf5 gxf4 36.gxf4 a5 37.Bc8 
Nd8 38.exd6 exd6 39.Ne4 Kf8 40.Nxd6 Ke7 41.Ne4 Bd1 42.Nxc5 h5 43.Nd3 h4 44.c5 
Kf6 45.Kd4 Bb3 46.Bd7 Ke7 47.Bc8 Kf6 48.Ne5 Ba4 49.Bd7 Bd1 50.c6 Ke7 51.c7 1-0

[Event "Macieja Memorial"]
[Site "Warsaw POL"]
[Date "2024.07.08"]
[Round "10.17"]
[White "Zawadzka, Jolanta"]
[Black "Pires, Emanuel Joao Robarts"]
[Result "0-1"]
[WhiteElo "2185"]
[BlackElo "2032"]
[EventDate "2024.07.08"]
[PlyCount "54"]

1.e4 e6 2.d4 d5 3.Nc3 Nf6 4.e5 Nfd7 5.f4 c5 6.Nf3 Nc6 7.Be3 Be7 8.Be2 a6 9.Qd2 
g6 10.O-O b5 11.Nd1 Bb7 12.c3 Qc7 13.Nf2 c4 14.Ng5 h6 15.Ngh3 a5 16.g4 b4 17.f5 
gxf5 18.gxf5 O-O-O 19.Bf3 Rhg8+ 20.Kh1 exf5 21.Nf4 Ncxe5 22.dxe5 Nxe5 23.Bg2 d4 
24.cxd4 Rxg2 25.Nxg2 Nf3 26.Bf4 Qc6 27.Qe2 Nxd4 0-1

[Event "Macieja Memorial"]
[Site "Warsaw POL"]
[Date "2024.07.08"]
[Round "10.18"]
[White "Jedrusik, Adam"]
[Black "Mulawa, Cyprian"]
[Result "1/2-1/2"]
[WhiteElo "1998"]
[BlackElo "2178"]
[EventDate "2024.07.08"]
[PlyCount "97"]

1.d4 c5 2.d5 g6 3.c4 Bg7 4.e4 d6 5.Ne2 Nf6 6.Nbc3 O-O 7.f3 e6 8.Be3 exd5 9.cxd5 
a6 10.a4 h5 11.Qd2 Re8 12.Nf4 Nbd7 13.Be2 Ne5 14.O-O Bd7 15.Rab1 g5 16.Nh3 Bxh3 
17.gxh3 Nh7 18.f4 gxf4 19.Bxf4 Qh4 20.Qe3 Ng6 21.Qg3 Qxg3+ 22.Bxg3 Bxc3 23.bxc3 
Ng5 24.Bxh5 Rxe4 25.Rxb7 Nxh3+ 26.Kg2 Nhf4+ 27.Bxf4 Nxf4+ 28.Kf3 Rxa4 29.Bxf7+ 
Kh8 30.Rg1 Rf8 31.Rg4 Rc4 32.Rxf4 Rxf4+ 33.Kxf4 Kg7 34.Ke4 Rxf7 35.Rb6 Ra7 
36.Rxd6 a5 37.Kd3 a4 38.Kc2 a3 39.Kb1 a2+ 40.Ka1 Ra3 41.c4 Ra4 42.Rc6 Rxc4 
43.Kxa2 Rh4 44.Rxc5 Rxh2+ 45.Kb3 Kf6 46.Kc4 Ke7 47.Rc6 Kd7 48.Ra6 Rc2+ 49.Kd4 1/2-1/2

[Event "Macieja Memorial"]
[Site "Warsaw POL"]
[Date "2024.07.08"]
[Round "10.19"]
[White "Mickiewicz, Piotr"]
[Black "Patil, Harshal"]
[Result "1-0"]
[WhiteElo "2168"]
[BlackElo "1995"]
[EventDate "2024.07.08"]
[PlyCount "50"]

1.e4 c5 2.Nf3 d6 3.d4 cxd4 4.Qxd4 Nc6 5.Bb5 Bd7 6.Qd3 Nf6 7.Bg5 e6 8.Nc3 h6 
9.Bh4 Be7 10.O-O-O a6 11.Bxc6 Bxc6 12.Nd4 Rc8 13.f4 Qc7 14.f5 Bd7 15.fxe6 fxe6 
16.e5 dxe5 17.Qg6+ Kf8 18.Rhf1 exd4 19.Bxf6 gxf6 20.Rxf6+ Bxf6 21.Qxf6+ Kg8 
22.Qg6+ Kf8 23.Qf6+ Kg8 24.Rxd4 h5 25.Qg5+ Kf8 1-0

[Event "Macieja Memorial"]
[Site "Warsaw POL"]
[Date "2024.07.08"]
[Round "10.20"]
[White "Adamski, Jan"]
[Black "Rekuc, Patryk"]
[Result "0-1"]
[WhiteElo "1989"]
[BlackElo "2131"]
[EventDate "2024.07.08"]
[PlyCount "93"]

1.Nf3 Nf6 2.c4 g6 3.Nc3 Bg7 4.e4 d6 5.d4 O-O 6.Be2 c5 7.O-O Nc6 8.d5 Na5 9.Bd2 
a6 10.b3 Rb8 11.Re1 Bd7 12.a4 Ne8 13.Bf1 b6 14.h3 Nc7 15.e5 dxe5 16.Nxe5 Ne8 
17.Ng4 Nd6 18.Ne3 Re8 19.Qc2 Bf5 20.Qd1 Bd7 21.Bd3 Qc7 22.Qc2 Bd4 23.Ra2 Bg7 
24.Ng4 Bf5 25.Nh6+ Bxh6 26.Bxh6 Bxd3 27.Qxd3 Nxb3 28.Bf4 Qd7 29.Rae2 Nd4 30.Rb2 
Rb7 31.Reb1 Reb8 32.Be5 Qf5 33.Qxf5 N4xf5 34.a5 bxa5 35.Rxb7 Rxb7 36.Rxb7 Nxb7 
37.Na4 f6 38.Bc3 Nfd6 39.Nb2 Kf7 40.Kf1 e6 41.dxe6+ Kxe6 42.Ke2 Ne4 43.Be1 Ned6 
44.Kd3 Nf7 45.Bc3 Ne5+ 46.Bxe5 Kxe5 47.Na4 0-1

[Event "Macieja Memorial"]
[Site "Warsaw POL"]
[Date "2024.07.08"]
[Round "10.21"]
[White "Smetek, Michal"]
[Black "Krzywda, Andrzej"]
[Result "0-1"]
[WhiteElo "1979"]
[BlackElo "2123"]
[EventDate "2024.07.08"]
[PlyCount "90"]

1.d4 d5 2.c4 e6 3.Nf3 Nf6 4.g3 dxc4 5.Bg2 c5 6.O-O Nc6 7.dxc5 Qxd1 8.Rxd1 Bxc5 
9.Nbd2 c3 10.bxc3 O-O 11.Nb3 Be7 12.Nfd4 Nxd4 13.cxd4 Nd5 14.Bb2 f5 15.Nc5 b6 
16.Nd3 Ba6 17.e4 fxe4 18.Bxe4 Bxd3 19.Bxd3 Rac8 20.Rac1 Nb4 21.Bc4 Kf7 22.Re1 
Nd5 23.Ba6 Rxc1 24.Rxc1 Rd8 25.Kg2 Bf6 26.Bc4 Rd7 27.Kf3 h5 28.Ke4 g6 29.Bb3 
Ne7 30.h3 Nf5 31.d5 exd5+ 32.Bxd5+ Kg7 33.Bxf6+ Kxf6 34.Rc6+ Kg7 35.Be6 Re7 
36.Ke5 b5 37.Rc8 a5 38.Rg8+ Kh7 39.Ra8 Ng7 40.Ra6 b4 41.Kf6 Rxe6+ 42.Rxe6 Nxe6 
43.Kxe6 a4 44.Kd5 b3 45.axb3 axb3 0-1

[Event "Macieja Memorial"]
[Site "Warsaw POL"]
[Date "2024.07.08"]
[Round "10.22"]
[White "Skurniak, Szymon"]
[Black "Ashwath, Kaushik"]
[Result "0-1"]
[WhiteElo "2107"]
[BlackElo "1881"]
[EventDate "2024.07.08"]
[PlyCount "130"]

1.e4 c5 2.b3 d5 3.exd5 Qxd5 4.Nf3 Bg4 5.Bb5+ Nc6 6.Nc3 Qe6+ 7.Kf1 a6 8.Bc4 Qd7 
9.h3 Bxf3 10.Qxf3 Ne5 11.Qd5 Nxc4 12.Qxd7+ Kxd7 13.bxc4 Nf6 14.Rb1 Kc7 15.d3 e5 
16.Bg5 Nd7 17.Nd5+ Kc6 18.a4 f6 19.Bd2 Bd6 20.Ke2 Rhb8 21.a5 b5 22.axb6 Nxb6 
23.Nxb6 Rxb6 24.Rxb6+ Kxb6 25.Rb1+ Kc6 26.Ba5 Rb8 27.Rxb8 Bxb8 28.g4 Bc7 29.Bc3 
a5 30.Bb2 a4 31.c3 Ba5 32.Ke3 Kd6 33.Ke4 Ke6 34.f4 exf4 35.d4 g5 36.d5+ Kd6 
37.Kd3 Ke5 38.Ba3 Bb6 39.Bc1 f5 40.gxf5 Kxf5 41.Ke2 Ke4 42.Ba3 Ke5 43.Kf3 h5 
44.Bc1 Kf5 45.d6 Ke6 46.d7 Kxd7 47.h4 g4+ 48.Kxf4 Ke6 49.Ke4 Kf6 50.Ba3 Ke6 
51.Bc1 Bd8 52.Ba3 Bxh4 53.Bxc5 g3 54.Kf3 Ke5 55.Bd4+ Kd6 56.c5+ Kd5 57.Be3 Bd8 
58.Kxg3 Kc4 59.c6 a3 60.Bg5 Bc7+ 61.Bf4 a2 62.Bxc7 a1=Q 63.Be5 Kd5 64.Kf4 Qf1+ 
65.Kg5 Kxe5 0-1

[Event "Macieja Memorial"]
[Site "Warsaw POL"]
[Date "2024.07.08"]
[Round "10.23"]
[White "Padalka, Artem"]
[Black "Gbiorczyk, Mikolaj"]
[Result "1-0"]
[WhiteElo "2101"]
[BlackElo "1967"]
[EventDate "2024.07.08"]
[PlyCount "61"]

1.Nf3 g6 2.g3 Bg7 3.Bg2 c6 4.O-O Nf6 5.d3 O-O 6.e4 d5 7.e5 Ne8 8.h3 c5 9.Re1 
Nc6 10.Bf4 f6 11.exf6 Nxf6 12.Nc3 e6 13.d4 cxd4 14.Nxd4 Nxd4 15.Qxd4 Ne4 16.Qd3 
Nxc3 17.bxc3 Qf6 18.Re5 Qf7 19.Re2 Bd7 20.Rae1 Rae8 21.c4 Bc6 22.cxd5 exd5 
23.Rxe8 Rxe8 24.Rxe8+ Qxe8 25.Bxd5+ Bxd5 26.Qxd5+ Qf7 27.Qd8+ Qf8 28.Qc7 Qb4 
29.Qb8+ Bf8 30.Bh6 Qe1+ 31.Kg2 1-0

[Event "Macieja Memorial"]
[Site "Warsaw POL"]
[Date "2024.07.08"]
[Round "10.24"]
[White "Mis, Mieszko"]
[Black "Zalega, Maciej"]
[Result "1-0"]
[WhiteElo "2344"]
[BlackElo "1922"]
[EventDate "2024.07.08"]
[PlyCount "45"]

1.b3 Nf6 2.Bb2 g6 3.Bxf6 exf6 4.c4 Bg7 5.Nc3 O-O 6.e3 c6 7.Rc1 a6 8.g3 d5 
9.cxd5 cxd5 10.d4 Nc6 11.Bg2 Be6 12.Nge2 Rc8 13.O-O Qd7 14.Na4 Qd6 15.Nf4 Nb4 
16.Qd2 b5 17.Nc5 Nc6 18.Rc2 Bh6 19.Nfxe6 fxe6 20.Rfc1 a5 21.a3 b4 22.a4 Rfd8 
23.Nb7 1-0

[Event "Macieja Memorial"]
[Site "Warsaw POL"]
[Date "2024.07.08"]
[Round "10.25"]
[White "Kaminski, Maciej"]
[Black "Kanarek, Marcel"]
[Result "1-0"]
[WhiteElo "2019"]
[BlackElo "2389"]
[EventDate "2024.07.08"]
[PlyCount "54"]

1.e4 c5 2.Nf3 d6 3.d4 cxd4 4.Nxd4 Nf6 5.Nc3 g6 6.Be3 Bg7 7.f3 O-O 8.Qd2 Nc6 
9.O-O-O d5 10.Nxc6 bxc6 11.Bh6 Bxh6 12.Qxh6 Rb8 13.e5 Nd7 14.Rd4 Re8 15.e6 Nf6 
16.exf7+ Kxf7 17.Rf4 e5 18.Ra4 Qb6 19.b3 Qc5 20.Qd2 Re7 21.Bd3 Kg7 22.h4 e4 
23.fxe4 d4 24.Ne2 Rd7 25.h5 Nxh5 26.g4 Nf6 27.Qh6+ Kg8 1-0

[Event "Macieja Memorial"]
[Site "Warsaw POL"]
[Date "2024.07.08"]
[Round "10.26"]
[White "Wiech, Grzegorz"]
[Black "Rajlich, Iweta"]
[Result "1-0"]
[WhiteElo "1997"]
[BlackElo "2379"]
[EventDate "2024.07.08"]
[PlyCount "115"]

1.e4 e6 2.d4 d5 3.e5 c5 4.c3 Nc6 5.Nf3 Qb6 6.Bd3 cxd4 7.cxd4 Bd7 8.O-O Nxd4 
9.Nxd4 Qxd4 10.Qe2 Ne7 11.Nc3 a6 12.Kh1 Nc6 13.f4 Nb4 14.Rd1 Nxd3 15.Rxd3 Qc4 
16.b3 Qc7 17.f5 Be7 18.f6 gxf6 19.exf6 Bxf6 20.Nxd5 Qe5 21.Nxf6+ Qxf6 22.Bb2 
Qg6 23.Rxd7 Kxd7 24.Rd1+ Ke7 25.Bxh8 Rxh8 26.Qe5 Ra8 27.Qc7+ Kf8 28.Qxb7 Re8 
29.Qxa6 Qc2 30.Rf1 Qe4 31.Qd6+ Kg8 32.Qg3+ Kf8 33.h3 e5 34.Qg5 Re6 35.Qf5 Qxf5 
36.Rxf5 e4 37.Kg1 Kg7 38.Kf2 Kg6 39.g4 Rc6 40.Ke3 Rc2 41.Ra5 f5 42.gxf5+ Kf6 
43.Kxe4 Re2+ 44.Kd4 Rh2 45.b4 Rxh3 46.b5 Kxf5 47.b6+ Ke6 48.Rb5 Rh4+ 49.Kc3 
Rh3+ 50.Kb2 Rh2+ 51.Ka3 Rh3+ 52.Rb3 Rxb3+ 53.Kxb3 Kd6 54.Kb4 h5 55.Kb5 h4 
56.Ka6 h3 57.b7 h2 58.b8=Q+ 1-0

[Event "Macieja Memorial"]
[Site "Warsaw POL"]
[Date "2024.07.08"]
[Round "10.27"]
[White "Czernek, Tymon"]
[Black "Klim, Filip"]
[Result "1/2-1/2"]
[WhiteElo "2253"]
[BlackElo "1993"]
[EventDate "2024.07.08"]
[PlyCount "130"]

1.e4 c5 2.Nf3 d6 3.d4 cxd4 4.Nxd4 Nf6 5.Nc3 a6 6.Bc4 e6 7.O-O Be7 8.Be3 O-O 
9.Bb3 b5 10.f3 Bb7 11.a4 b4 12.Na2 a5 13.c3 bxc3 14.Nxc3 Nc6 15.Ndb5 Nb4 16.Qd2 
d5 17.exd5 Nfxd5 18.Nxd5 Nxd5 19.Bf2 Bf6 20.Rfd1 Qe7 21.Kh1 Rfd8 22.Bxd5 Bxd5 
23.Bb6 Rdb8 24.Bd4 Bxd4 25.Nxd4 Qb4 26.Qf4 h6 27.Rac1 Rc8 28.Rc7 Rxc7 29.Qxc7 
Qxa4 30.Qc1 Qb4 31.h3 Rb8 32.Rd2 a4 33.Qd1 Rc8 34.Qe2 Rc1+ 35.Kh2 Qb8+ 36.g3 
Qb6 37.Qf2 Qc5 38.h4 e5 39.Nf5 Qxf2+ 40.Rxf2 Be6 41.Nd6 Bb3 42.Ne4 Rc2 43.Kg2 
Kf8 44.Rxc2 Bxc2 45.Nd6 Ke7 46.Nc4 f6 47.Kf2 Bb3 48.Ne3 Ke6 49.Ke2 f5 50.Kd3 
Bd5 51.f4 Be4+ 52.Kc4 exf4 53.gxf4 Kd6 54.Kd4 g6 55.Nc4+ Ke6 56.Ne5 Kf6 57.Nd7+ 
Ke7 58.Nc5 Bc2 59.Ke5 Bd1 60.Na6 Kf7 61.Nb4 Bb3 62.Nc6 Bd1 63.Nd4 Ke7 64.Nb5 
Bb3 65.Nd4 Bd1 1/2-1/2

[Event "Macieja Memorial"]
[Site "Warsaw POL"]
[Date "2024.07.08"]
[Round "10.28"]
[White "Karwowski, Kacper"]
[Black "Goslawski, Michal"]
[Result "1/2-1/2"]
[WhiteElo "2184"]
[BlackElo "1987"]
[EventDate "2024.07.08"]
[PlyCount "98"]

1.e4 c6 2.d4 d5 3.f3 Qb6 4.Nc3 dxe4 5.fxe4 e5 6.Nf3 exd4 7.Nxd4 Nf6 8.e5 Nd5 
9.Nxd5 cxd5 10.c3 Be7 11.Bd3 Nc6 12.Nxc6 bxc6 13.Qe2 a5 14.Be3 Bc5 15.Bxc5 Qxc5 
16.Qf2 Qxf2+ 17.Kxf2 Ke7 18.Ke3 c5 19.a3 a4 20.Bb5 Bd7 21.Bxd7 Kxd7 22.Kd2 Rhb8 
23.Kc2 Rb6 24.Rhd1 Ke6 25.Rd2 Kxe5 26.Re1+ Kd6 27.Red1 Rab8 28.Rxd5+ Ke6 
29.R1d3 Rxb2+ 30.Kd1 Rxg2 31.Rd6+ Ke7 32.Rd7+ Ke8 33.Kc1 Rbb2 34.Ra7 Rgc2+ 
35.Kd1 Rxh2 36.Kc1 Rbc2+ 37.Kb1 Rb2+ 38.Ka1 Rbg2 39.Re3+ Kd8 40.Rd3+ Kc8 41.Rd1 
Ra2+ 42.Kb1 Rhb2+ 43.Kc1 Rc2+ 44.Kb1 Rab2+ 45.Ka1 Rb3 46.Re1 Kd8 47.Rd1+ Kc8 
48.Re1 Kd8 49.Rd1+ Kc8 1/2-1/2

[Event "Macieja Memorial"]
[Site "Warsaw POL"]
[Date "2024.07.08"]
[Round "10.29"]
[White "Majek, Kacper"]
[Black "Goraj, Barbara"]
[Result "1/2-1/2"]
[WhiteElo "1996"]
[BlackElo "2095"]
[EventDate "2024.07.08"]
[PlyCount "122"]

1.e4 c5 2.Nf3 d6 3.d4 cxd4 4.Nxd4 Nf6 5.Nc3 Nc6 6.Bg5 e6 7.Qd2 a6 8.O-O-O Bd7 
9.f3 h6 10.Be3 h5 11.h4 Nxd4 12.Bxd4 Qc7 13.Qe3 e5 14.Bb6 Qc6 15.Kb1 Rc8 16.Bd3 
Be7 17.Qf2 Be6 18.Be3 d5 19.exd5 Nxd5 20.Nxd5 Bxd5 21.Rhe1 O-O 22.Bg5 f6 23.Be3 
Rfd8 24.Bf5 Be6 25.Be4 Bd5 26.Bf5 Be6 27.Bg6 Bf7 28.Bxf7+ Kxf7 29.g4 hxg4 
30.fxg4 Rxd1+ 31.Rxd1 Rd8 32.Rf1 Qe4 33.g5 b5 34.a3 a5 35.gxf6 Bxf6 36.Bg5 Rd6 
37.Qe1 Qxe1+ 38.Rxe1 Bxg5 39.hxg5 Re6 40.Rd1 e4 41.Kc1 e3 42.Rf1+ Kg6 43.Re1 
Kxg5 44.Kd1 Kf4 45.Rf1+ Ke4 46.Rg1 Rd6+ 47.Ke1 Rd7 48.Rg5 b4 49.Rxa5 bxa3 
50.Rxa3 Kf4 51.Rd3 Rc7 52.c3 g5 53.Ke2 Re7 54.Rd4+ Kf5 55.Rd5+ Kf4 56.Rd4+ Kf5 
57.Rd5+ Kf4 58.Rd4+ Kf5 59.Rd5+ Kg4 60.Rd3 Kf4 61.Rd4+ Kg3 1/2-1/2

[Event "Macieja Memorial"]
[Site "Warsaw POL"]
[Date "2024.07.08"]
[Round "10.30"]
[White "Szczotka, Klara"]
[Black "Kowalski, Witold"]
[Result "1-0"]
[WhiteElo "2093"]
[BlackElo "1867"]
[EventDate "2024.07.08"]
[PlyCount "59"]

1.d4 Nf6 2.c4 e6 3.Nc3 Bb4 4.Qc2 O-O 5.e4 d5 6.e5 Ne4 7.Bd3 c5 8.Nf3 cxd4 
9.Nxd4 Nd7 10.Bf4 Qh4 11.g3 Qh3 12.cxd5 exd5 13.Bxe4 dxe4 14.Qxe4 Nc5 15.Qe3 
Bf5 16.Nxf5 Qxf5 17.O-O Bxc3 18.Qxc3 Rac8 19.Qe3 Ne6 20.Rac1 Rxc1 21.Rxc1 Rd8 
22.Re1 g5 23.Qxa7 gxf4 24.Qxb7 Ng5 25.a4 fxg3 26.hxg3 Nf3+ 27.Kf1 Nxe1 28.Kxe1 
Qxe5+ 29.Kf1 Qxb2 30.Qxb2 1-0

[Event "Macieja Memorial"]
[Site "Warsaw POL"]
[Date "2024.07.08"]
[Round "10.31"]
[White "Celinski, Kamil"]
[Black "Nesterenko, Kyrylo"]
[Result "0-1"]
[WhiteElo "1927"]
[BlackElo "2091"]
[EventDate "2024.07.08"]
[PlyCount "46"]

1.c4 e5 2.g3 Nf6 3.Bg2 c6 4.Nf3 e4 5.Nd4 d5 6.cxd5 Bc5 7.Nb3 Bb6 8.d3 cxd5 
9.Nc3 Ng4 10.O-O e3 11.Nxd5 exf2+ 12.Kh1 h5 13.h3 h4 14.Bf4 g5 15.Bxb8 Rxb8 
16.e4 hxg3 17.d4 Nh2 18.Rxf2 gxf2 19.Kxh2 g4 20.Qe2 Qh4 21.Rf1 g3+ 22.Kh1 Bxh3 
23.Ne3 Bg4+ 0-1

[Event "Macieja Memorial"]
[Site "Warsaw POL"]
[Date "2024.07.08"]
[Round "10.32"]
[White "Zebracki, Tomasz"]
[Black "Smietanska, Wiktoria"]
[Result "1-0"]
[WhiteElo "2048"]
[BlackElo "1975"]
[EventDate "2024.07.08"]
[PlyCount "61"]

1.d4 d5 2.Bf4 c5 3.Nc3 e6 4.e3 Nf6 5.Nb5 Na6 6.c3 Be7 7.Nf3 O-O 8.Be2 Bd7 9.O-O 
Qa5 10.a4 c4 11.b4 cxb3 12.Qxb3 Rfc8 13.Rfc1 Ne4 14.c4 dxc4 15.Bxc4 Nb4 16.Ne5 
Nd2 17.Qc3 Nxc4 18.Nxc4 Qd8 19.Qb3 Nd5 20.Bg3 Bc6 21.Nbd6 Rc7 22.Ne5 Bxd6 
23.Nxc6 bxc6 24.Rxc6 Bxg3 25.hxg3 Rb8 26.Qc4 Nb6 27.Qc2 Qf6 28.Rc1 h6 29.Rxc7 
a5 30.Ra7 Qg5 31.Qc7 1-0

[Event "Macieja Memorial"]
[Site "Warsaw POL"]
[Date "2024.07.08"]
[Round "10.33"]
[White "Chmiel, Marcin"]
[Black "Leszczewicz, Karol"]
[Result "0-1"]
[WhiteElo "2038"]
[BlackElo "1851"]
[EventDate "2024.07.08"]
[PlyCount "89"]

1.c4 e5 2.g3 Nf6 3.Bg2 d5 4.cxd5 Nxd5 5.Nc3 Nxc3 6.bxc3 Be7 7.Nf3 Nc6 8.O-O O-O 
9.d4 exd4 10.cxd4 Bf6 11.e3 Bg4 12.Rb1 Rb8 13.h3 Bf5 14.Rb5 Qd7 15.Ba3 Rfe8 
16.Qb3 Bxh3 17.Bxh3 Qxh3 18.Rxb7 Rxb7 19.Qxb7 Ne7 20.Bxe7 Bxe7 21.Qxc7 a6 
22.Ne5 Qe6 23.Rb1 Bd6 24.Qd7 Bxe5 25.Qxe6 Rxe6 26.dxe5 g6 27.f4 Rc6 28.Rb3 Kg7 
29.Ra3 g5 30.Kf2 Kg6 31.Kf3 gxf4 32.exf4 h5 33.Rd3 Kf5 34.Rd7 Ke6 35.Rd3 Kf5 
36.Rd6 Rc3+ 37.Kf2 Rc2+ 38.Ke3 Rxa2 39.Rf6+ Kg4 40.Rxf7 Kxg3 41.Rg7+ Kh2 42.e6 
Ra1 43.f5 Re1+ 44.Kf2 Re5 45.f6 0-1

[Event "Macieja Memorial"]
[Site "Warsaw POL"]
[Date "2024.07.08"]
[Round "10.34"]
[White "Maack, Kjartan"]
[Black "Izafatava, Kira"]
[Result "1-0"]
[WhiteElo "2030"]
[BlackElo "1728"]
[EventDate "2024.07.08"]
[PlyCount "45"]

1.c4 e5 2.Nc3 Nf6 3.g3 c6 4.Bg2 d5 5.cxd5 cxd5 6.d3 Nc6 7.Nf3 Bd6 8.O-O O-O 
9.Bg5 Be7 10.Qb3 e4 11.Bxf6 Bxf6 12.dxe4 Bxc3 13.Qxc3 dxe4 14.Nd2 Bf5 15.Nxe4 
Qb6 16.e3 Bg6 17.Rfd1 Rfe8 18.Nd6 Re6 19.Nc4 Qc7 20.Na3 a6 21.Rac1 Rc8 22.Nc2 
Ne7 23.Qxc7 1-0

[Event "Macieja Memorial"]
[Site "Warsaw POL"]
[Date "2024.07.08"]
[Round "10.35"]
[White "Businski, Karol"]
[Black "Grochulski, Grzegorz"]
[Result "0-1"]
[WhiteElo "1595"]
[BlackElo "2023"]
[EventDate "2024.07.08"]
[PlyCount "32"]

1.e4 c5 2.Nf3 e6 3.d4 cxd4 4.Nxd4 Nf6 5.Bd3 Nc6 6.Be3 d5 7.Nc3 Bb4 8.Nxc6 bxc6 
9.e5 Nd7 10.Bd2 Nxe5 11.Be2 d4 12.Ne4 Bxd2+ 13.Qxd2 Qd5 14.Qf4 Ng6 15.Nd6+ Kd7 
16.Nxc8 Nxf4 0-1

[Event "Macieja Memorial"]
[Site "Warsaw POL"]
[Date "2024.07.08"]
[Round "10.36"]
[White "Mizzi, Jack"]
[Black "Galczynski, Maksymilian"]
[Result "1-0"]
[WhiteElo "2127"]
[BlackElo "1790"]
[EventDate "2024.07.08"]
[PlyCount "93"]

1.d4 Nf6 2.c4 e6 3.g3 c5 4.d5 d6 5.Bg2 exd5 6.cxd5 a6 7.a4 g6 8.Nf3 Bg7 9.O-O 
O-O 10.Nc3 Re8 11.Nd2 Nbd7 12.Nc4 Ne5 13.Nxe5 Rxe5 14.e4 Re8 15.h3 Nd7 16.Bf4 
Ne5 17.Qe2 f5 18.Rfe1 Kh8 19.a5 b5 20.axb6 Qxb6 21.Be3 Bb7 22.Qc2 fxe4 23.Bxe4 
Rf8 24.Kg2 Qc7 25.b3 Qf7 26.f4 Nd7 27.Bf3 Rfe8 28.Bf2 Nf6 29.Qd3 Kg8 30.Kh2 Kh8 
31.Re6 Nxd5 32.Bxd5 Bxd5 33.Rxd6 Rad8 34.Rxd8 Rxd8 35.Rd1 Bxc3 36.Qxc3+ Qg7 
37.Qxc5 Qf7 38.Qc3+ Kg8 39.Bb6 Rd6 40.Qc8+ Kg7 41.Bd4+ Kh6 42.Qc1 Qf5 43.Qd2 
Be4 44.g4 Qd5 45.f5+ g5 46.h4 Qxd4 47.Qxg5# 1-0

[Event "Macieja Memorial"]
[Site "Warsaw POL"]
[Date "2024.07.08"]
[Round "10.37"]
[White "Terkiewicz, Bruno"]
[Black "Bartoszewicz, Marcin"]
[Result "1-0"]
[WhiteElo "2084"]
[BlackElo "1816"]
[EventDate "2024.07.08"]
[PlyCount "72"]

1.d4 Nf6 2.c4 d6 3.Nc3 e5 4.dxe5 dxe5 5.Qxd8+ Kxd8 6.Bg5 Bb4 7.O-O-O+ Nd7 8.Nd5 
Be7 9.Nxe7 Kxe7 10.Nf3 h6 11.Bh4 e4 12.Nd4 Ne5 13.e3 c6 14.Bg3 Ng6 15.Nb3 Rd8 
16.Rxd8 Kxd8 17.Be2 Bg4 18.Rd1+ Ke8 19.Bxg4 Nxg4 20.Nc5 b6 21.Nxe4 Rd8 22.Nd6+ 
Kf8 23.Nf5 Rxd1+ 24.Kxd1 N4e5 25.b3 Nd7 26.Bd6+ Kg8 27.Ke2 Kh7 28.f4 Kg8 29.e4 
f6 30.Ke3 Kf7 31.Bc7 Ngf8 32.Bd6 Ne6 33.g3 h5 34.Ba3 c5 35.Bb2 g6 36.Nd6+ Kg7 1-0

[Event "Macieja Memorial"]
[Site "Warsaw POL"]
[Date "2024.07.08"]
[Round "10.38"]
[White "Kalus, Franciszek"]
[Black "Starosta, Martyna"]
[Result "0-1"]
[WhiteElo "1857"]
[BlackElo "2037"]
[EventDate "2024.07.08"]
[PlyCount "70"]

1.d4 Nf6 2.c4 e6 3.Nf3 d5 4.Nc3 dxc4 5.e4 a6 6.e5 Nd5 7.Bxc4 b5 8.Bd3 Bb7 9.Bg5 
Be7 10.Bxe7 Qxe7 11.O-O Nd7 12.Ne4 N7b6 13.Rc1 Nb4 14.Bb1 Nxa2 15.Rxc7 Qxc7 
16.Nd6+ Kf8 17.Bxa2 Bd5 18.Bxd5 Nxd5 19.Ng5 Ke7 20.Ngxf7 Rhf8 21.Qh5 Qc2 
22.Qg5+ Kd7 23.Qxg7 Rg8 24.Qh6 Rg6 25.Qh3 Nf4 26.Qf3 Rxg2+ 27.Kh1 Qc6 28.Qxc6+ 
Kxc6 29.Ne4 Rag8 30.Nfg5 R2xg5 31.Nxg5 Rxg5 32.Rc1+ Kd5 33.Rc5+ Kxd4 34.Rc6 
Rxe5 35.h4 Rh5 0-1

[Event "Macieja Memorial"]
[Site "Warsaw POL"]
[Date "2024.07.08"]
[Round "10.39"]
[White "Koseski, Damian"]
[Black "Zbrzezny, Aleksander"]
[Result "0-1"]
[WhiteElo "1846"]
[BlackElo "2016"]
[EventDate "2024.07.08"]
[PlyCount "52"]

1.d4 d5 2.c4 c6 3.e3 e6 4.Nc3 Nf6 5.Nf3 Bd6 6.Bd2 Nbd7 7.Rc1 a6 8.Qc2 O-O 9.Bd3 
Re8 10.O-O e5 11.dxe5 Nxe5 12.Nxe5 Rxe5 13.cxd5 cxd5 14.Rfd1 Rh5 15.h3 Qe7 
16.e4 dxe4 17.Nxe4 Bd7 18.Bc3 Nd5 19.Nxd6 Qxd6 20.Be4 Bc6 21.Bf3 Qf4 22.Qe4 Qg5 
23.Bd2 Qh4 24.Rxc6 bxc6 25.Bxh5 Qxe4 26.Bf3 Qh4 0-1

[Event "Macieja Memorial"]
[Site "Warsaw POL"]
[Date "2024.07.08"]
[Round "10.40"]
[White "Zareba, Piotr"]
[Black "Sanz Losada, Victoriano"]
[Result "0-1"]
[WhiteElo "1828"]
[BlackElo "1999"]
[EventDate "2024.07.08"]
[PlyCount "112"]

1.g3 e5 2.c3 d5 3.Bg2 c6 4.d4 e4 5.h3 Bd6 6.Bf4 Bxf4 7.gxf4 e3 8.fxe3 Qe7 9.Kd2 
Bf5 10.c4 dxc4 11.Nc3 Nf6 12.a3 Nbd7 13.h4 O-O-O 14.Qa4 Nc5 15.Qxc4 Be6 16.Qb4 
Nb3+ 17.Qxb3 Bxb3 18.Nf3 Rhe8 19.Ne5 Bd5 20.e4 Bxe4 21.Nxe4 Rxd4+ 22.Ke3 Rxe4+ 
23.Bxe4 Nxe4 24.Kxe4 f6 25.Rae1 fxe5 26.f5 Qc5 27.Rd1 Qc2+ 28.Kf3 Qxf5+ 29.Kg2 
Qg4+ 30.Kf2 Rf8+ 31.Ke1 Qg2 32.Kd2 Rd8+ 33.Kc1 Rxd1+ 34.Rxd1 Qxe2 35.Rd2 Qe1+ 
36.Rd1 Qxh4 37.Kc2 Qe4+ 38.Kc1 g5 39.b3 g4 40.Kd2 g3 41.Re1 Qxe1+ 42.Kxe1 h5 
43.Kf1 h4 44.Kg2 Kd7 45.b4 Ke6 46.a4 Kd5 47.b5 cxb5 48.axb5 e4 49.Kh3 e3 50.Kg2 
Kd4 51.Kf1 h3 52.Kg1 a5 53.b6 a4 54.Kf1 Kd3 55.Ke1 a3 56.Kd1 h2 0-1